How the Pope became infallible : (Record no. 122973)
[ view plain ]
| 000 -LEADER | |
|---|---|
| fixed length control field | 01198cam a2200373 i 4500 |
| 001 - CONTROL NUMBER | |
| control field | 51389 |
| 003 - CONTROL NUMBER IDENTIFIER | |
| control field | ARRUPE |
| 005 - DATE AND TIME OF LATEST TRANSACTION | |
| control field | 20150716162050.0 |
| 008 - FIXED-LENGTH DATA ELEMENTS--GENERAL INFORMATION | |
| fixed length control field | 810727s1981 nyua b 001 0 eng |
| 010 ## - LIBRARY OF CONGRESS CONTROL NUMBER | |
| LC control number | 79006851 |
| 020 ## - INTERNATIONAL STANDARD BOOK NUMBER | |
| International Standard Book Number | 0385158513 : |
| Terms of availability | $14.95 |
| 035 ## - SYSTEM CONTROL NUMBER | |
| System control number | (OCoLC)6625801 |
| 035 ## - SYSTEM CONTROL NUMBER | |
| System control number | (OCoLC)ocm06625801 |
| 035 ## - SYSTEM CONTROL NUMBER | |
| System control number | (CStRLIN)NYCG25781600-B |
| 035 ## - SYSTEM CONTROL NUMBER | |
| System control number | (NNC)51389 |
| 040 ## - CATALOGING SOURCE | |
| Modifying agency | NNC |
| Transcribing agency | Arrupe |
| 041 0# - LANGUAGE CODE | |
| Language code of text/sound track or separate title | engger |
| 050 0# - LIBRARY OF CONGRESS CALL NUMBER | |
| Classification number | BX1806 |
| Item number | .H3813 |
| 082 ## - DEWEY DECIMAL CLASSIFICATION NUMBER | |
| Classification number | 262/.131 |
| 090 ## - LOCALLY ASSIGNED LC-TYPE CALL NUMBER (OCLC); LOCAL CALL NUMBER (OCLC) | |
| Classification number (OCLC) (R) ; Classification number, CALL (RLIN) (NR) | BX1806 |
| Local cutter number (OCLC) ; Book number/undivided call number, CALL (RLIN) | .H3813 |
| 300 ## - PHYSICAL DESCRIPTION | |
| Other physical details | ill. ; |
| Dimensions | 22 cm. |
| 100 1# - MAIN ENTRY--PERSONAL NAME | |
| Personal name | Hasler, August. |
| 9 (RLIN) | 18316 |
| 240 10 - UNIFORM TITLE | |
| Uniform title | <a href="Wie der Papst unfehlbar wurde.">Wie der Papst unfehlbar wurde.</a> |
| Language of a work | English |
| 245 10 - TITLE STATEMENT | |
| Title | How the Pope became infallible : |
| Remainder of title | Pius IX and the politics of persuasion / |
| Statement of responsibility, etc | August Bernhard Hasler ; introd. by Hans Küng ; translated by Peter Heinegg. |
| 250 ## - EDITION STATEMENT | |
| Edition statement | 1st ed. |
| 260 ## - PUBLICATION, DISTRIBUTION, ETC. (IMPRINT) | |
| Place of publication, distribution, etc | Garden City, N.Y. : |
| Name of publisher, distributor, etc | Doubleday, |
| Date of publication, distribution, etc | 1981. |
| 300 ## - PHYSICAL DESCRIPTION | |
| Extent | xi, 383 p. : |
| 500 ## - GENERAL NOTE | |
| General note | Translation of Wie der Papst unfehlbar wurde. |
| 500 ## - GENERAL NOTE | |
| General note | Includes index. |
| 504 ## - BIBLIOGRAPHY, ETC. NOTE | |
| Bibliography, etc | Bibliography: p. [355]-359. |
| 600 00 - SUBJECT ADDED ENTRY--PERSONAL NAME | |
| Personal name | Pius |
| Numeration | IX, |
| Titles and other words associated with a name | Pope, |
| Dates associated with a name | 1792-1878. |
| 9 (RLIN) | 18317 |
| 650 #0 - SUBJECT ADDED ENTRY--TOPICAL TERM | |
| Topical term or geographic name as entry element | Popes |
| General subdivision | Infallibility |
| -- | History. |
| 9 (RLIN) | 18318 |
| 942 ## - ADDED ENTRY ELEMENTS (KOHA) | |
| Source of classification or shelving scheme | Library of Congress Classification |
| Koha item type | Monograph ( Printed materials) |
| Withdrawn status | Lost status | Source of classification or shelving scheme | Damaged status | Not for loan | Home library | Current library | Date acquired | Total Checkouts | Full call number | Barcode | Date last seen | Date checked out | Price effective from | Koha item type |
|---|---|---|---|---|---|---|---|---|---|---|---|---|---|---|
| Library of Congress Classification | ARRUPE LIBRARY | ARRUPE LIBRARY | 16/07/2015 | 1 | BX1806 .H3813 | 46500002634 | 30/01/2018 | 22/01/2018 | 16/07/2015 | Monograph ( Printed materials) |